=LDR 00000nam 2200000 4500 =001 INLIS000000000021462 =005 20130612120325 =008 ***********************************Ing** =035 ##$$0010-061300000021462 =041 ##$$a Ing =082 ##$$a 937.06 =090 ##$$a 937.06, Scu f =100 ##$$a SCULLARD, H.H =245 ##$$a From The Gracchi to Nero, H.H. Scullard =260 ##$$a [19..?] $b London =300 ##$$a xii, 260 hlm, 21 cm =850 ##$$a NBPNMAT